The rainforest world music festival in Sarawak : music without borders

Bibliographic Details
Format: Book
Published: Malaysia : Marshall Cavendish Editions , 2007
Subjects:

MARC

LEADER 00000cam a2200000 7i4500
001 0000021346
005 20080904.0
008 080716
020 |a 9833845231 
090 0 0 |a 780.7959522   |b HEI 
245 1 4 |a The rainforest world music festival in Sarawak :   |b music without borders   |c Heidi Munan 
260 |a Malaysia :   |b Marshall Cavendish Editions ,   |c 2007 
650 0 |a Folk music   |z Malaysia   |z Sarawak 
650 0 |a Music festivals   |z Malaysia   |z Sarawak 
650 0 |a Musical instruments 
650 0 |a World music 
999 |a 0001032971   |b Book   |c REFERENCE   |e Perbadanan Perpustakaan Awam Johor